|
|
|
|
| LEADER |
00000cam a22000004a 4500 |
| 001 |
musev2_3948 |
| 003 |
MdBmJHUP |
| 005 |
20230905040504.0 |
| 006 |
m o d |
| 007 |
cr||||||||nn|n |
| 008 |
020130s2002 inu o 00 0 eng d |
| 010 |
|
|
|z 2002001513
|
| 020 |
|
|
|a 9780253109606
|
| 020 |
|
|
|z 0253109604
|
| 020 |
|
|
|z 9780253341518
|
| 035 |
|
|
|a (OCoLC)51915855
|
| 040 |
|
|
|a MdBmJHUP
|c MdBmJHUP
|
| 050 |
0 |
4 |
|a R853.R46
|b R63 2002
|
| 082 |
0 |
|
|a 610/.7/2
|2 21
|
| 245 |
0 |
0 |
|a Rockefeller Philanthropy and Modern Biomedicine :
|b International Initiatives from World War I to the Cold War /
|c edited by William H. Schneider.
|
| 264 |
|
1 |
|a Bloomington, Ind. :
|b Indiana University Press,
|c 2002.
|
| 264 |
|
3 |
|a Baltimore, Md. :
|b Project MUSE,
|c 2012
|
| 264 |
|
4 |
|c ©2002.
|
| 300 |
|
|
|a 1 online resource (264 pages).
|
| 336 |
|
|
|a text
|b txt
|2 rdacontent
|
| 337 |
|
|
|a computer
|b c
|2 rdamedia
|
| 338 |
|
|
|a online resource
|b cr
|2 rdacarrier
|
| 504 |
|
|
|a Includes bibliographical references and index.
|
| 588 |
|
|
|a Description based on print version record.
|
| 610 |
2 |
0 |
|a Rockefeller Foundation.
|
| 650 |
|
0 |
|a Medicine
|x Research
|x Endowments.
|
| 655 |
|
7 |
|a Electronic books.
|2 local
|
| 700 |
1 |
|
|a Schneider, William H.
|q (William Howard),
|d 1945-
|
| 710 |
2 |
|
|a Project Muse.
|e distributor
|
| 830 |
|
0 |
|a Book collections on Project MUSE.
|
| 856 |
4 |
0 |
|z Texto completo
|u https://projectmuse.uam.elogim.com/book/3948/
|
| 945 |
|
|
|a Project MUSE - Custom Collection
|
| 945 |
|
|
|a Project MUSE - Archive Complete Foundation
|
| 945 |
|
|
|a Project MUSE - Archive History Foundation
|